000 00513nam a2200181Ia 4500
003 GCL
008 140319s9999 xx 000 0 ara d
040 _aGCL /
_cGCL
082 0 4 _a252.3
_bهـ ت
100 1 _aقسم التاليف والترجمة
245 1 0 _aالتداوى بالصوم /
_cقسم التاليف والترجمة
700 1 _aهـ . م . شيلتون
260 _a[S.N] :
_bدار الرشيد ،
_c1987
300 _a186 ص
490 _a
650 0 4 _aالصوم
942 _2ddc
_cBK
999 _c35811
_d35811